Statistieken voor Landen die grenzen aan Kroatië

Klik hier om de quiz te nemen!

Algemene statistieken

  • Deze quiz is 23 keer genomen
  • De gemiddelde score is 5 van 5

Antwoordstatistieken

LengteLand% Correct
600 kmSlovenië
100%
956 kmBosnië en Herzegovina
95%
314 kmServië
91%
348 kmHongarije
86%
19 kmMontenegro
77%

Scoreverdeling

Percentiel versus Aantal Correcte Antwoorden

Procent van Mensen met Elke Score

Uw Scoregeschiedenis

U heeft deze quiz nog niet genomen